Dandy's World Toons - Statistics

General Stats
  • This quiz has been taken 28 times
  • The average score is 38 of 40
Answer Stats
Category Toon % Correct
Bassie
100%
Bobette
100%
Boxten
100%
Coal
100%
Lethal Toon Dandy
100%
Dyle
100%
Eclipse
100%
Eggson
100%
Flyte
100%
Ginger
100%
Goob
100%
Pebble
100%
Poppy
100%
Event Toon Rudie
100%
Scraps
100%
Shelly
100%
Sprout
100%
Vee
100%
Main Toon Astro
95%
Brusha
95%
Cocoa
95%
Cosmo
95%
Flutter
95%
Gigi
95%
Gourdy
95%
Looey
95%
Ribecca
95%
Rodger
95%
Soulvester
95%
Teagan
95%
Toodles
95%
Regular Toons Blot
91%
Connie
91%
Finn
91%
Razzle And Dazzle
91%
Shrimpo
91%
Yatta
91%
Glisten
86%
Tisha
86%
Brightney
82%
No matching quizzes found
Score Distribution
Percent of People with Each Score
Percentile by Number Answered
Your Score History
You have not taken this quiz